Argentina: historia de un país periférico. 1860-1914

Uloženo v:
Podrobná bibliografie
Hlavní autor: Panettieri, José (autor)
Médium: Kniha
Jazyk:španělština
Vydáno: Buenos Aires Centro Editor de América Latina 1986
Edice:Historia
Témata:
Tagy: Přidat tag
Žádné tagy, Buďte první, kdo vytvoří štítek k tomuto záznamu!

MARC

LEADER 00000cam a2200000 a 4500
001 UCF0127
003 CL-VaPUC
008 120427e19860000AG |||||||||||||||||spa|d
020 |a 9502513177 
082 0 4 |a 982.05  |b PAN  |2 21 
100 |a Panettieri, José  |e autor  |9 561963 
245 1 0 |a Argentina: historia de un país periférico. 1860-1914 
300 |a 219 p 
942 |c BK 
945 |d 20120427 00:00:00  |a dcastane 
260 |a Buenos Aires  |b Centro Editor de América Latina  |c 1986 
650 7 |a HISTORIA DE ARGENTINA SIGLO 19 Y 20  |2 CL-VaPUC  |9 554848 
583 |a last modification  |c 20120910 08:00:19  |k Rodrigo Vera 
490 0 |a Historia 
999 |c 347608  |d 347606 
952 |0 0  |1 0  |4 0  |6 982_050000000000000_PAN_1986  |7 0  |8 A  |9 449065  |a BIBHIS  |b BIBHIS  |d 2019-11-22  |i 4855698  |o 982.05 PAN 1986  |p 4855698  |r 2025-01-20  |w 2019-11-22  |y BK  |k HIS